000 00933nam a2200265Ia 4500
003 OSt
005 20221005112810.0
006 a|||||r|||| 00| 0
007 ta
008 221004b |||||||| |||| 00| 0 pan d
020 _a9788182994331 (hbk)
_cINR 295.00
024 _a44931
037 _b1070, 26/02/2019, H.K. Prakashan
_cTextual
040 _aCRL
_cCRL
_bpan
041 _2pan
_apan
082 _aO153,6x, Q8
100 _aਸਿੰਘ, ਕੇ. ਜਗਜੀਤ, ਂਚ.
245 0 _aਭੁਲੇਖਾ-ਰੱਬ ਦਾ
260 _aਦਿੱਲੀ
_bਆਰਸੀ ਪਬਲੀਕੇFਰਗ਼ ਭਾਰਤ
_c2018
300 _a157ਪ੍ਰ0
_ccm.
650 _a ਪੰਜਾਬੀ ਨਿਬੰਧ
650 _aਪੰਜਾਬੀ ਸਾਹਿਤ
942 _hO153,6x, Q8
_cTEXL
_2cc
999 _c1026010
_d1026010